[Event "Olimpiade 2014 - Open"]
[Site "Tromsø"]
[Date "10.08.2014"]
[Round "8.1"]
[Board "3"]
[White "Yu, Yangyi"]
[Black "Safarli, Eltaj"]
[Result "1-0"]
[WhiteTitle "GM"]
[BlackTitle "GM"]
[WhiteElo "2668"]
[BlackElo "2649"]
[WhiteTeam "China"]
[BlackTeam "Azerbaijan"]
[WhiteFideId "8603820"]
[BlackFideId "13402129"]
[EventDate "2014.08.02"]

1. e4 e5 2. Nf3 Nc6 3. Bb5 a6 4. Ba4 Nf6 5. O-O Be7 6. Re1 b5 7. Bb3 d6 8. c3
O-O 9. h3 Nb8 10. d4 Nbd7 11. Nbd2 Bb7 12. Bc2 Re8 13. Nf1 Bf8 14. Ng3 g6 15. a4
c5 16. d5 c4 17. Bg5 h6 18. Be3 Nc5 19. Qd2 h5 20. Bxc5 dxc5 21. Qe3 Nd7 22. Nf1
Qf6 23. Ra2 Kh7 24. Ng5+ Kg8 25. Rea1 Qf4 26. g3 Qxe3 27. Nxe3 Bd6 28. h4 Rab8
29. Kg2 Nf6 30. axb5 axb5 31. Ra7 Re7 32. R1a5 Bc8 33. Rxe7 Bxe7 34. f4 Bd6 35.
Ra7 Nd7 36. f5 Rb7 37. Rxb7 Bxb7 38. g4 Nf6 39. Bd1 hxg4 40. Nxg4 Nxg4 41. Bxg4
Kg7 42. h5 gxh5 43. Bxh5 f6 44. Ne6+ Kg8 45. Be8 b4 46. Bd7 Ba6 47. Kf3 Kf7 48.
Kg4 Ke7 49. Ba4 Bc8 50. Ng7 Bc7 51. Ne8 Ba5 52. d6+ Kf7 53. Nc7 Bb7 54. Bb5 bxc3
55. Bxc4+ Kf8 56. bxc3 Bxe4 57. Ne6+ Ke8 58. Bb5+ Kf7 59. Nxc5 Bc2 60. Nb7 Bd1+
61. Kg3 Bb6 62. c4 Bc2 63. Bd7 Be4 64. c5 1-0

[Event "Olimpiade 2014 - Open"]
[Site "Tromsø"]
[Date "10.08.2014"]
[Round "8.1"]
[Board "4"]
[White "Guseinov, Gadir"]
[Black "Ni, Hua"]
[Result "0-1"]
[WhiteTitle "GM"]
[BlackTitle "GM"]
[WhiteElo "2613"]
[BlackElo "2666"]
[WhiteTeam "Azerbaijan"]
[BlackTeam "China"]
[WhiteFideId "13401378"]
[BlackFideId "8601160"]
[EventDate "2014.08.02"]

1. e4 c6 2. d4 d5 3. Nd2 dxe4 4. Nxe4 Bf5 5. Ng3 Bg6 6. h4 h6 7. Nf3 e6 8. h5
Bh7 9. Bd3 Bxd3 10. Qxd3 Nf6 11. Bd2 Be7 12. O-O-O c5 13. Ne4 Nc6 14. Bc3 Qd5
15. Nxf6+ gxf6 16. dxc5 Qxd3 17. cxd3 Rg8 18. g3 Bxc5 19. d4 Be7 20. d5 Nb4 21.
Bxb4 Bxb4 22. dxe6 fxe6 23. Rh4 Bc5 24. Re4 e5 25. Rd2 Kf7 26. Nh4 Ke6 27. g4
Rac8 28. Kd1 Rgd8 29. Rxd8 Rxd8+ 30. Ke2 a5 31. Rc4 Bb4 32. Rc2 Rd4 33. f3 e4
34. Nf5 exf3+ 35. Kxf3 Rd2 36. Rxd2 Bxd2 37. Ke4 Bc1 38. b3 b6 39. Kd4 Bd2 40.
Kd3 Bg5 41. Ke4 Bc1 42. Nd4+ Kd6 43. Kf5 Kc5 44. Nc2 Kd5 45. Kxf6 Ke4 46. Kg6 b5
47. a4 b4 48. Kf6 Bg5+ 49. Kg6 Bd2 50. Ne1 Bxe1 51. Kxh6 Bd2+ 52. Kg6 Kf4 53. g5
Kg4 54. h6 Bc3 55. Kf7 0-1

[Event "Olimpiade 2014 - Open"]
[Site "Tromsø"]
[Date "10.08.2014"]
[Round "8.2"]
[Board "1"]
[White "Lupulescu, Constantin"]
[Black "Navara, David"]
[Result "1/2-1/2"]
[WhiteTitle "GM"]
[BlackTitle "GM"]
[WhiteElo "2625"]
[BlackElo "2716"]
[WhiteTeam "Romania"]
[BlackTeam "Czech Republic"]
[WhiteFideId "1207822"]
[BlackFideId "309095"]
[EventDate "2014.08.02"]

1. d4 d5 2. c4 c6 3. Nf3 Nf6 4. e3 Bg4 5. h3 Bh5 6. Qb3 Qb6 7. Ne5 e6 8. Nc3
Nfd7 9. Nd3 Qxb3 10. axb3 Bg6 11. Bd2 Na6 12. Nf4 Bc2 13. cxd5 cxd5 14. Bxa6
bxa6 15. Rxa6 Bxb3 16. Nb5 Rb8 17. Nxa7 Bc4 18. Ra1 Rxb2 19. Nc6 Nb6 20. Ne5 Bd6
21. Nxc4 Nxc4 22. Ra8+ Rb8 23. Rxb8+ Bxb8 24. Nd3 Bd6 25. Ke2 Nxd2 26. Ra1 Ke7
27. Ra7+ Kf6 28. Kxd2 Rc8 29. Ra6 Ke7 30. Ra7+ Rc7 31. Rxc7+ 1/2-1/2

[Event "Olimpiade 2014 - Open"]
[Site "Tromsø"]
[Date "10.08.2014"]
[Round "8.2"]
[Board "2"]
[White "Laznicka, Viktor"]
[Black "Parligras, Mircea-Emilian"]
[Result "1/2-1/2"]
[WhiteTitle "GM"]
[BlackTitle "GM"]
[WhiteElo "2676"]
[BlackElo "2574"]
[WhiteTeam "Czech Republic"]
[BlackTeam "Romania"]
[WhiteFideId "316385"]
[BlackFideId "1204297"]
[EventDate "2014.08.02"]

1. d4 Nf6 2. c4 e6 3. Nc3 Bb4 4. Nf3 d5 5. Qa4+ Nc6 6. e3 O-O 7. Qc2 dxc4 8.
Bxc4 e5 9. dxe5 Ng4 10. O-O Ncxe5 11. Nxe5 Nxe5 12. Be2 c6 13. Bd2 Re8 14. Rad1
Qh4 15. Be1 Qh6 16. Nb5 Ng4 17. Bxg4 Bxg4 18. Rd4 cxb5 19. Bxb4 Be6 20. a3 Rac8
21. Bc3 Qg6 22. Qd2 f6 23. e4 Rc4 24. f3 Rxd4 25. Qxd4 a6 26. Rf2 Re7 27. Qb6
Qe8 28. h3 Qc6 29. Qe3 Rd7 30. f4 Bc4 31. f5 Qc7 32. Rd2 Rxd2 33. Qxd2 h6 34.
Qe3 Qd7 35. Qf4 Bd3 36. Kh2 Kh7 37. g4 Qe7 38. e5 fxe5 39. Bxe5 Qg5 40. Qf2 h5
41. Bf4 Qe7 42. Qe3 1/2-1/2

[Event "Olimpiade 2014 - Open"]
[Site "Tromsø"]
[Date "10.08.2014"]
[Round "8.2"]
[Board "3"]
[White "Jianu, Vlad-Cristian"]
[Black "Hracek, Zbynek"]
[Result "1/2-1/2"]
[WhiteTitle "GM"]
[BlackTitle "GM"]
[WhiteElo "2579"]
[BlackElo "2634"]
[WhiteTeam "Romania"]
[BlackTeam "Czech Republic"]
[WhiteFideId "1208110"]
[BlackFideId "300071"]
[EventDate "2014.08.02"]

1. c4 c6 2. d4 d5 3. Nf3 Nf6 4. e3 g6 5. Nc3 Bg7 6. Be2 O-O 7. O-O Be6 8. b3 Ne4
9. Bb2 Nd7 10. Qc2 Nd6 11. cxd5 cxd5 12. Rfc1 Rc8 13. Qd2 Nf6 14. Ne5 h5 15. Ba3
Bh6 16. Bd3 Kg7 17. Rc2 Nfe4 18. Nxe4 dxe4 19. Rxc8 Qxc8 20. Rc1 Qb8 21. Bf1 Bg5
22. d5 Bf5 23. Nc4 Bf6 24. Nxd6 exd6 25. Bb2 Qd8 26. h3 a6 27. a4 Re8 28. Bxf6+
Qxf6 29. Rc7 Re7 30. Qa5 Re5 31. Rxb7 Bxh3 32. Rb8 Be6 33. Qc3 Bxd5 34. Qc8 Kh6
35. Qf8+ Kg5 36. Rb6 Rf5 37. Qxd6 Qxd6 38. Rxd6 Bxb3 39. Rxa6 Rc5 40. Bb5 Rc1+
41. Kh2 Rc2 42. Kg1 Rc1+ 43. Kh2 Rc2 44. Kg1 1/2-1/2

[Event "Olimpiade 2014 - Open"]
[Site "Tromsø"]
[Date "10.08.2014"]
[Round "8.2"]
[Board "4"]
[White "Babula, Vlastimil"]
[Black "Vajda, Levente"]
[Result "1/2-1/2"]
[WhiteTitle "GM"]
[BlackTitle "GM"]
[WhiteElo "2549"]
[BlackElo "2561"]
[WhiteTeam "Czech Republic"]
[BlackTeam "Romania"]
[WhiteFideId "301264"]
[BlackFideId "1203975"]
[EventDate "2014.08.02"]

1. d4 Nf6 2. c4 g6 3. Nc3 Bg7 4. e4 d6 5. Nf3 O-O 6. Be2 e5 7. O-O Nc6 8. d5 Ne7
9. b4 a5 10. Ba3 axb4 11. Bxb4 b6 12. a4 Ne8 13. Qb3 Rb8 14. Qa3 f5 15. a5 fxe4
16. Nxe4 bxa5 17. Bxa5 Kh8 18. Bd2 Bf5 19. Ng3 h6 20. Be3 Nf6 21. Nd2 Kh7 22.
Rad1 Ra8 23. Qb3 Qd7 24. Ra1 Rab8 25. Qc3 Rb7 26. Nxf5 Nxf5 27. Rab1 Rfb8 28.
Rxb7 Rxb7 29. Qc2 c6 30. dxc6 Qxc6 31. Bd3 Qc8 32. Ne4 Nxe4 33. Bxe4 Rc7 34. Bd5
Ne7 35. Qd3 Nxd5 36. Qxd5 Rxc4 37. Qxd6 Rc6 38. Qd5 Qe6 39. Rd1 Qxd5 40. Rxd5 g5
41. g3 1/2-1/2

[Event "Olimpiade 2014 - Open"]
[Site "Tromsø"]
[Date "10.08.2014"]
[Round "8.3"]
[Board "3"]
[White "Stojanovic, Dalibor"]
[Black "Hammer, Jon Ludvig"]
[Result "0-1"]
[WhiteTitle "GM"]
[BlackTitle "GM"]
[WhiteElo "2503"]
[BlackElo "2628"]
[WhiteTeam "Bosnia & Herzegovina"]
[BlackTeam "Norway"]
[WhiteFideId "922692"]
[BlackFideId "1503707"]
[EventDate "2014.08.02"]

1. e4 e5 2. Nf3 Nc6 3. Bb5 a6 4. Ba4 Nf6 5. O-O Be7 6. Re1 b5 7. Bb3 d6 8. a4 b4
9. d3 O-O 10. a5 Rb8 11. Bc4 Be6 12. Nbd2 Qc8 13. b3 Nd7 14. Nf1 Bxc4 15. dxc4
Nc5 16. Ne3 Re8 17. Nd5 Bd8 18. h3 Rf8 19. Nh2 Qe6 20. Nf1 f5 21. exf5 Qxf5 22.
Be3 Ne6 23. Ng3 Qg6 24. c3 bxc3 25. Nxc3 Ncd4 26. Bxd4 Nxd4 27. Rb1 c6 28. Re4
Bxa5 29. Rg4 Qf7 30. Nce4 d5 31. cxd5 cxd5 32. Nh5 g6 33. Nhf6+ Kg7 34. Nxh7
dxe4 35. Nxf8 Rxf8 36. Rxe4 Qxf2+ 37. Kh1 Nf5 38. Rxe5 Bc7 39. Re6 Ng3+ 40. Kh2
Nf1+ 41. Kh1 Qf4 42. Re7+ Kh8 0-1

[Event "Olimpiade 2014 - Open"]
[Site "Tromsø"]
[Date "10.08.2014"]
[Round "8.3"]
[Board "4"]
[White "Lie, Kjetil A."]
[Black "Kadric, Denis"]
[Result "0-1"]
[WhiteTitle "GM"]
[BlackTitle "IM"]
[WhiteElo "2528"]
[BlackElo "2473"]
[WhiteTeam "Norway"]
[BlackTeam "Bosnia & Herzegovina"]
[WhiteFideId "1501984"]
[BlackFideId "14403803"]
[EventDate "2014.08.02"]

1. e4 d6 2. d4 Nf6 3. Nc3 e5 4. Nf3 Nbd7 5. Bc4 Be7 6. O-O O-O 7. Re1 c6 8. a4
exd4 9. Nxd4 Ne5 10. Bf1 Re8 11. h3 Ng6 12. a5 Bd7 13. g3 Bf8 14. Bg2 h6 15. b3
Re5 16. a6 b5 17. f4 Re8 18. Bb2 b4 19. Nb1 c5 20. Nf5 d5 21. Nd2 Nxe4 22. Nxe4
Bxf5 23. Nf6+ gxf6 24. Rxe8 Qxe8 25. Qxd5 Rd8 26. Qxf5 Qe3+ 27. Kh2 Rd2 28. h4
Qf2 29. Qh3 Bg7 30. Rc1 Ne7 31. Ba1 Nf5 32. Rg1 Ne3 33. Kh1 f5 34. Bxg7 Kxg7 35.
h5 Rxc2 36. Bc6 c4 37. bxc4 b3 38. g4 b2 0-1

[Event "Olimpiade 2014 - Open"]
[Site "Tromsø"]
[Date "10.08.2014"]
[Round "8.4"]
[Board "1"]
[White "Ivanchuk, Vassily"]
[Black "Topalov, Veselin"]
[Result "1/2-1/2"]
[WhiteTitle "GM"]
[BlackTitle "GM"]
[WhiteElo "2744"]
[BlackElo "2772"]
[WhiteTeam "Ukraine"]
[BlackTeam "Bulgaria"]
[WhiteFideId "14100010"]
[BlackFideId "2900084"]
[EventDate "2014.08.02"]

1. Nf3 d5 2. d4 Nf6 3. c4 c6 4. e3 Bg4 5. h3 Bh5 6. Nc3 e6 7. g4 Bg6 8. Ne5 Nbd7
9. Nxg6 hxg6 10. Bd2 Bb4 11. f3 dxc4 12. Bxc4 Nd5 13. Qb3 a5 14. Kf2 N7b6 15.
Bd3 e5 16. Nxd5 Nxd5 17. Bxb4 Qh4+ 18. Ke2 axb4 19. Bc4 O-O-O 20. dxe5 Qg3 21.
Rag1 Qxe5 22. Kf2 Nb6 23. Bd3 Rhe8 24. Re1 Qd6 25. Be4 Nd7 26. Qc4 Nf6 27. Bc2
Qe7 28. Re2 Rd2 29. Qb3 Red8 30. Re1 Nh7 31. Kg3 Ng5 32. Qc4 Ne6 33. f4 Nc5 34.
Bb1 Rxe2 35. Qxe2 Ne4+ 36. Bxe4 Qxe4 37. Kf2 g5 38. fxg5 Qe5 39. Kg2 Qxg5 40. b3
Qe5 41. Qf3 f6 42. Re2 Qc3 43. Qf5+ Kb8 44. Qc2 Kc7 45. Qg6 Rd7 46. g5 Kb6 47.
gxf6 gxf6 48. h4 Rd1 49. Qe4 Ka7 50. Qf4 c5 51. Qf5 Qc1 1/2-1/2

[Event "Olimpiade 2014 - Open"]
[Site "Tromsø"]
[Date "10.08.2014"]
[Round "8.4"]
[Board "2"]
[White "Cheparinov, Ivan"]
[Black "Ponomariov, Ruslan"]
[Result "1-0"]
[WhiteTitle "GM"]
[BlackTitle "GM"]
[WhiteElo "2681"]
[BlackElo "2717"]
[WhiteTeam "Bulgaria"]
[BlackTeam "Ukraine"]
[WhiteFideId "2905540"]
[BlackFideId "14103320"]
[EventDate "2014.08.02"]

1. d4 Nf6 2. c4 e6 3. Nf3 d5 4. g3 dxc4 5. Bg2 c5 6. O-O Nc6 7. dxc5 Qxd1 8.
Rxd1 Bxc5 9. Nbd2 c3 10. bxc3 O-O 11. Nb3 Be7 12. c4 Bd7 13. Bb2 Rfd8 14. Nfd4
Rac8 15. Nb5 b6 16. Nd6 Rc7 17. Ba3 Kf8 18. c5 Nb8 19. Nb5 Rcc8 20. Nxa7 Rc7 21.
cxb6 Rc2 22. Nd4 Rc4 23. Rac1 Rxc1 24. Bxe7+ Kxe7 25. Rxc1 Kd6 26. Ndb5+ Bxb5
27. Nxb5+ Ke7 28. a4 Rd2 29. Nc3 Nfd7 30. a5 Rb2 31. Ra1 Rc2 32. Ra3 Rc1+ 33.
Bf1 Nc6 34. Nb5 Nce5 35. b7 Nc4 36. a6 Nxa3 37. Nxa3 1-0

[Event "Olimpiade 2014 - Open"]
[Site "Tromsø"]
[Date "10.08.2014"]
[Round "8.4"]
[Board "3"]
[White "Eljanov, Pavel"]
[Black "Iotov, Valentin"]
[Result "1-0"]
[WhiteTitle "GM"]
[BlackTitle "GM"]
[WhiteElo "2723"]
[BlackElo "2553"]
[WhiteTeam "Ukraine"]
[BlackTeam "Bulgaria"]
[WhiteFideId "14102951"]
[BlackFideId "2906074"]
[EventDate "2014.08.02"]

1. d4 d5 2. c4 c6 3. Nf3 Nf6 4. e3 a6 5. Nbd2 Bf5 6. Nh4 Be4 7. Be2 e6 8. O-O
Bd6 9. g3 Nbd7 10. Nxe4 Nxe4 11. Bd3 Nef6 12. b3 O-O 13. Bb2 c5 14. cxd5 Nxd5
15. dxc5 Nxc5 16. Bc2 Be7 17. Qh5 f5 18. Nxf5 exf5 19. Rad1 Qd6 20. b4 Ne6 21.
Bxf5 Ng5 22. Rxd5 Qxb4 23. Bd4 Rad8 24. Rxd8 Bxd8 25. Qg4 Qc4 26. h4 Qd5 27.
Bxh7+ Kxh7 28. hxg5 Qxg5 29. Qe4+ Qg6 1-0

[Event "Olimpiade 2014 - Open"]
[Site "Tromsø"]
[Date "10.08.2014"]
[Round "8.4"]
[Board "4"]
[White "Rusev, Krasimir"]
[Black "Korobov, Anton"]
[Result "0-1"]
[WhiteTitle "GM"]
[BlackTitle "GM"]
[WhiteElo "2548"]
[BlackElo "2680"]
[WhiteTeam "Bulgaria"]
[BlackTeam "Ukraine"]
[WhiteFideId "2905434"]
[BlackFideId "14105730"]
[EventDate "2014.08.02"]

1. d4 Nf6 2. Nf3 e6 3. c4 d5 4. Nc3 c6 5. e3 Nbd7 6. Qc2 b6 7. b3 Bb7 8. Bb2 Bd6
9. Be2 O-O 10. O-O Re8 11. Rad1 Qe7 12. Rfe1 c5 13. dxc5 bxc5 14. cxd5 exd5 15.
Nb5 Bb8 16. Nc3 d4 17. Na4 a6 18. Qf5 Be4 19. Qh3 dxe3 20. Bd3 Bxd3 21. Rxe3 Be4
22. Ng5 Be5 23. Nxe4 Bxb2 24. Nxf6+ Qxf6 25. Rxe8+ Rxe8 26. Qxd7 Qe5 27. Qd3 Bd4
28. Qxa6 h5 29. Qd3 Re6 30. b4 Qf4 31. Qf3 Qd2 32. g3 Qxb4 33. Qb3 Re1+ 34. Rxe1
Qxe1+ 35. Kg2 Qxf2+ 0-1

[Event "Olimpiade 2014 - Open"]
[Site "Tromsø"]
[Date "10.08.2014"]
[Round "8.5"]
[Board "2"]
[White "Gajewski, Grzegorz"]
[Black "Bacrot, Etienne"]
[Result "0-1"]
[WhiteTitle "GM"]
[BlackTitle "GM"]
[WhiteElo "2659"]
[BlackElo "2720"]
[WhiteTeam "Poland"]
[BlackTeam "France"]
[WhiteFideId "1116207"]
[BlackFideId "605506"]
[EventDate "2014.08.02"]

1. d4 Nf6 2. c4 g6 3. Nc3 Bg7 4. e4 d6 5. Nf3 O-O 6. Be2 e5 7. O-O Nc6 8. d5 Ne7
9. b4 Nh5 10. c5 Nf4 11. a4 c6 12. dxc6 dxc5 13. cxb7 Bxb7 14. b5 Nc8 15. a5 Nd6
16. Bxf4 exf4 17. e5 Nf5 18. a6 Bxf3 19. Bxf3 Rb8 20. Re1 Qd4 21. Rc1 Bxe5 22.
Nd5 Qxd1 23. Rcxd1 f6 24. b6 axb6 25. Rxe5 fxe5 26. Nc7 Nd4 27. Bd5+ Kg7 28. a7
Rbc8 29. a8=Q Rxa8 30. Bxa8 Rc8 31. Nd5 Rxa8 32. Nxb6 Ra6 33. Nc4 Kf6 34. Kf1 e4
35. Re1 Re6 36. Rc1 e3 37. fxe3 fxe3 38. Ke1 Kg7 39. Nb2 Rf6 40. Nd1 e2 41. Ne3
Re6 42. Nd5 Re5 43. Rxc5 Kh6 0-1

[Event "Olimpiade 2014 - Open"]
[Site "Tromsø"]
[Date "10.08.2014"]
[Round "8.5"]
[Board "4"]
[White "Socko, Bartosz"]
[Black "Tkachiev, Vladislav"]
[Result "1/2-1/2"]
[WhiteTitle "GM"]
[BlackTitle "GM"]
[WhiteElo "2612"]
[BlackElo "2624"]
[WhiteTeam "Poland"]
[BlackTeam "France"]
[WhiteFideId "1107038"]
[BlackFideId "618438"]
[EventDate "2014.08.02"]

1. e4 e5 2. Nf3 Nc6 3. d4 exd4 4. Nxd4 Qf6 5. Nxc6 Bc5 6. Qf3 dxc6 7. Qxf6 Nxf6
8. f3 Be6 9. Nc3 O-O-O 10. Bd3 Nd7 11. Ke2 Ne5 12. Be3 Bd6 13. Rad1 Nxd3 14.
cxd3 c5 15. Nb5 b6 16. Nxa7+ Kb7 17. Nb5 Bxa2 18. Ra1 Ra8 19. Nxd6+ cxd6 20. d4
Bc4+ 21. Kd2 Rxa1 22. Rxa1 Ra8 23. Rxa8 Kxa8 24. d5 Kb7 25. g4 f6 26. h4 Kc7 27.
h5 Kd7 28. h6 g5 29. f4 gxf4 30. Bxf4 Ke7 1/2-1/2

[Event "Olimpiade 2014 - Open"]
[Site "Tromsø"]
[Date "10.08.2014"]
[Round "8.6"]
[Board "2"]
[White "Bruzon Batista, Lazaro"]
[Black "Meier, Georg"]
[Result "1/2-1/2"]
[WhiteTitle "GM"]
[BlackTitle "GM"]
[WhiteElo "2664"]
[BlackElo "2646"]
[WhiteTeam "Cuba"]
[BlackTeam "Germany"]
[WhiteFideId "3503739"]
[BlackFideId "4675789"]
[EventDate "2014.08.02"]

1. e4 e6 2. d4 d5 3. Nd2 dxe4 4. Nxe4 Nd7 5. Nf3 Ngf6 6. Nxf6+ Nxf6 7. g3 b6 8.
Bb5+ Bd7 9. Bxd7+ Nxd7 10. O-O Bd6 11. Bg5 Qc8 12. Qe2 O-O 13. Rad1 Re8 14. Rfe1
h6 15. Bc1 Qb7 16. Rd3 Rad8 17. Red1 Qa6 18. a3 Qb5 19. b3 Qh5 20. Bb2 b5 21. c4
bxc4 22. bxc4 Rb8 23. Ba1 c6 24. Kg2 Qa5 25. Qc2 Rbc8 26. Bc3 Qa6 27. Bb4 Bb8
28. Qb3 Qb7 29. Ba5 Qa6 30. Bb4 Qb7 31. Ba5 Qa6 32. Bb4 1/2-1/2

[Event "Olimpiade 2014 - Open"]
[Site "Tromsø"]
[Date "10.08.2014"]
[Round "8.6"]
[Board "3"]
[White "Fridman, Daniel"]
[Black "Quesada Perez, Yuniesky"]
[Result "1/2-1/2"]
[WhiteTitle "GM"]
[BlackTitle "GM"]
[WhiteElo "2639"]
[BlackElo "2649"]
[WhiteTeam "Germany"]
[BlackTeam "Cuba"]
[WhiteFideId "11600454"]
[BlackFideId "3504409"]
[EventDate "2014.08.02"]

1. Nf3 Nf6 2. c4 b6 3. d4 e6 4. g3 Bb7 5. Bg2 Be7 6. O-O O-O 7. Nc3 Ne4 8. Bd2
Bf6 9. Ne5 Nxc3 10. Bxc3 Bxg2 11. Kxg2 c5 12. dxc5 bxc5 13. Qd6 Qb6 14. Rad1
Qxd6 15. Rxd6 Be7 16. Rd2 d6 17. Nd3 Nc6 18. b3 Rfd8 19. Rfd1 g6 20. Nb2 f5 21.
f4 Kf7 22. e3 h6 23. Na4 Rab8 24. h3 Rb7 25. g4 Rbb8 26. Kf3 a6 27. e4 fxe4+ 28.
Kxe4 Rbc8 29. h4 h5 30. Rg2 hxg4 31. Rxg4 Rg8 32. Nb2 Rcd8 33. Nd3 a5 34. Kf3 a4
35. b4 cxb4 36. Nxb4 Rc8 37. Nc2 Nb8 38. Ne3 Nd7 39. Rdg1 Nf6 40. R4g2 Nh5 41.
Bb4 Rc6 42. a3 Bxh4 43. Ng4 Rf8 44. c5 Ke8 45. cxd6 Rxf4+ 46. Ke3 Rf5 47. Nh6
Re5+ 48. Kf3 g5 49. Rg4 Rd5 50. Re4 Kd7 51. Ng4 Rf5+ 52. Ke3 Nf4 53. Ne5+ Rxe5
54. Rxe5 Bf2+ 55. Kxf2 Nd3+ 56. Ke2 Nxe5 57. Rxg5 Nc4 58. Rg7+ Kd8 59. Rg8+ Kd7
60. Rg7+ 1/2-1/2

[Event "Olimpiade 2014 - Open"]
[Site "Tromsø"]
[Date "10.08.2014"]
[Round "8.6"]
[Board "4"]
[White "Gonzalez Vidal, Yuri"]
[Black "Nisipeanu, Liviu-Dieter"]
[Result "1/2-1/2"]
[WhiteTitle "GM"]
[BlackTitle "GM"]
[WhiteElo "2550"]
[BlackElo "2689"]
[WhiteTeam "Cuba"]
[BlackTeam "Germany"]
[WhiteFideId "3503321"]
[BlackFideId "1202758"]
[EventDate "2014.08.02"]

1. e4 e6 2. d4 d5 3. Nd2 c5 4. Ngf3 cxd4 5. exd5 Qxd5 6. Bc4 Qd6 7. O-O Nf6 8.
Nb3 Nc6 9. Nbxd4 Nxd4 10. Nxd4 a6 11. Re1 Qc7 12. Qe2 h6 13. h3 Bc5 14. c3 O-O
15. Bd3 b6 16. Nf3 Bb7 17. Ne5 Bd6 18. Bf4 Nd5 19. Bg3 Rfe8 20. c4 Nb4 21. Be4
f6 22. Bxb7 Qxb7 23. a3 Bxe5 24. Bxe5 Nc6 25. Bc3 e5 26. Rad1 Qf7 27. Rd5 Rac8
28. Red1 b5 29. Rc5 bxc4 30. Qxc4 Qxc4 31. Rxc4 Na7 32. Rxc8 Rxc8 33. Rd6 Nb5 1/2-1/2

[Event "Olimpiade 2014 - Open"]
[Site "Tromsø"]
[Date "10.08.2014"]
[Round "8.7"]
[Board "1"]
[White "Negi, Parimarjan"]
[Black "Aronian, Levon"]
[Result "1/2-1/2"]
[WhiteTitle "GM"]
[BlackTitle "GM"]
[WhiteElo "2645"]
[BlackElo "2805"]
[WhiteTeam "India"]
[BlackTeam "Armenia"]
[WhiteFideId "5016690"]
[BlackFideId "13300474"]
[EventDate "2014.08.02"]

1. e4 e5 2. Nf3 Nc6 3. Bb5 a6 4. Ba4 Nf6 5. O-O Be7 6. Re1 b5 7. Bb3 O-O 8. a4
b4 9. d4 d6 10. dxe5 dxe5 11. Nbd2 Bc5 12. h3 Bb7 13. c3 Qd6 14. Nc4 Qxd1 15.
Bxd1 Rad8 16. Bc2 Nd7 17. a5 f6 18. Ne3 Ne7 19. Bd2 bxc3 20. Bxc3 Nb8 21. Bb3+
Kh8 22. Rac1 Nbc6 23. Nd5 Bd6 24. Red1 Rb8 25. Nd2 Na7 26. Nxe7 Bxe7 27. Bc4 Nb5
28. Bxb5 axb5 29. b4 Rfd8 30. f3 c5 31. Nb3 c4 32. Na1 Kg8 33. Nc2 Kf7 1/2-1/2

[Event "Olimpiade 2014 - Open"]
[Site "Tromsø"]
[Date "10.08.2014"]
[Round "8.7"]
[Board "2"]
[White "Sargissian, Gabriel"]
[Black "Sethuraman, S.P."]
[Result "1/2-1/2"]
[WhiteTitle "GM"]
[BlackTitle "GM"]
[WhiteElo "2686"]
[BlackElo "2590"]
[WhiteTeam "Armenia"]
[BlackTeam "India"]
[WhiteFideId "13300881"]
[BlackFideId "5021596"]
[EventDate "2014.08.02"]

1. d4 d5 2. c4 e6 3. Nf3 Nf6 4. Nc3 c6 5. Bg5 dxc4 6. a4 b5 7. axb5 cxb5 8. Nxb5
Qb6 9. Nc3 Qxb2 10. Bd2 Bb4 11. Rb1 Qa3 12. Nb5 Bxd2+ 13. Nxd2 Qe7 14. e3 O-O
15. Bxc4 Bb7 16. O-O Nbd7 17. Be2 Nb6 18. Nb3 a6 19. Nc3 Nbd5 20. Qd2 Nxc3 21.
Qxc3 Rfc8 22. Qa5 Ne4 23. Rfc1 h6 24. f3 Qh4 25. Qe1 Qxe1+ 26. Rxe1 Nc3 27. Ra1
Nxe2+ 28. Rxe2 Bc6 29. Nc5 e5 30. Rea2 exd4 31. exd4 Bb5 32. Nxa6 Rc4 33. Nc5
Rxa2 34. Rxa2 Rxd4 35. Rb2 Bc6 36. Rb6 Ba4 37. Kf2 Bc2 38. Rb8+ Kh7 39. Rb7 Rd2+
40. Kg3 Bg6 41. h4 h5 42. Nd7 Rd5 43. Rc7 Kh6 44. Nb6 Rd2 45. Rd7 Rxd7 46. Nxd7
Bf5 47. Nc5 f6 48. Kf4 Bc2 49. Ne6 Kg6 50. Ke3 Ba4 51. Nd4 Be8 52. Ke4 Bf7 53.
Nb5 Bc4 54. Nd6 Bf1 55. g3 Bg2 56. Nc4 Bh3 57. Nd6 Bg2 58. Ke3 Bh3 59. Kd4 Be6
60. Kc5 Bh3 61. Kb6 Kh6 62. f4 Kh7 63. Kc7 Kg8 64. Nc4 Kf7 65. Kd6 Bf5 66. Na5
Be4 67. Nb3 Bf5 68. Nd4 Be4 69. Ne6 Bf5 70. Nd8+ Ke8 71. Nc6 Kf7 72. Nb4 Be4 73.
Nd5 Bf5 74. Ne3 1/2-1/2

[Event "Olimpiade 2014 - Open"]
[Site "Tromsø"]
[Date "10.08.2014"]
[Round "8.7"]
[Board "3"]
[White "Sasikiran, Krishnan"]
[Black "Movsesian, Sergei"]
[Result "1/2-1/2"]
[WhiteTitle "GM"]
[BlackTitle "GM"]
[WhiteElo "2669"]
[BlackElo "2672"]
[WhiteTeam "India"]
[BlackTeam "Armenia"]
[WhiteFideId "5004985"]
[BlackFideId "310204"]
[EventDate "2014.08.02"]

1. d4 d5 2. c4 c6 3. Nc3 Nf6 4. Nf3 a6 5. h3 e6 6. Bg5 dxc4 7. e4 b5 8. e5 h6 9.
Bh4 g5 10. Nxg5 hxg5 11. Bxg5 Nbd7 12. exf6 Bb7 13. Be2 Qb6 14. O-O O-O-O 15.
Re1 Bh6 16. Bxh6 Rxh6 17. Qd2 Rhh8 18. Bf3 Nxf6 19. Rad1 Qc7 20. Ne4 Nxe4 21.
Bxe4 Rd7 22. b3 cxb3 23. axb3 Rhd8 24. b4 Kb8 25. h4 e5 26. h5 Rxd4 27. Qc1 Qd6
28. Bf3 Qxb4 29. Rxd4 exd4 30. h6 d3 31. Qe3 Qd6 32. h7 c5 33. Bxb7 Kxb7 34.
Qf3+ Kb6 35. Qxf7 d2 36. Rd1 Qe5 37. g3 Qe1+ 38. Kg2 Qxd1 39. Qf6+ Kc7 40. Qe7+
Kc8 41. Qe6+ Kc7 42. Qe7+ Kc8 43. Qe6+ 1/2-1/2

[Event "Olimpiade 2014 - Open"]
[Site "Tromsø"]
[Date "10.08.2014"]
[Round "8.8"]
[Board "3"]
[White "Rapport, Richard"]
[Black "Onischuk, Alexander"]
[Result "1-0"]
[WhiteTitle "GM"]
[BlackTitle "GM"]
[WhiteElo "2704"]
[BlackElo "2659"]
[WhiteTeam "Hungary"]
[BlackTeam "United States of America"]
[WhiteFideId "738590"]
[BlackFideId "14101025"]
[EventDate "2014.08.02"]

1. b3 e5 2. Bb2 Nc6 3. e3 Nf6 4. Bb5 Bd6 5. Na3 a6 6. Bxc6 dxc6 7. Nc4 Qe7 8. a4
O-O 9. a5 Bg4 10. Ne2 Nd7 11. O-O e4 12. Nxd6 cxd6 13. f3 exf3 14. gxf3 Bh3 15.
Rf2 Ne5 16. f4 Ng6 17. f5 Qg5+ 18. Ng3 Ne5 19. Ra4 Bg4 20. Qf1 f6 21. Bxe5 1-0